000 00541nam a2200181Ia 4500
008 100920s9999 xx 000 0 und d
082 _b32011
_a21 ढ 07
100 _aTEIGNMOUTH.
245 _aTHE WORKS OF SIR WILLIAM JONES. VOL.8.
260 _bJOHN STOCKDALE, LONDON.
_c1807
300 _a545
_bसाधी
365 _b0
520 _aृॅ्रआर.अे.
630 _aTHE WORKS OF SIR WILLIAM JONES. VOL.8.
650 _aृॅ्रआर.अे.
730 _aTHE WORKS OF SIR WILLIAM JONES. VOL.8.
942 _cBOOK
999 _c687081
_d687078